000 00534nam a2200193Ia 4500
005 20250326141745.0
008 250326s9999 xx 000 0 und d
020 _a0-671-66324-0
037 _aTextbook
040 _aFMSL
_beng
_cFMSL
041 _aeng
_2eng
084 _aX:742N90 M8
_qFMSL
100 _aBatra R
_9735101
245 0 _aSurviving the great depression of 1990
_cBatra R
260 _aNY
_bNY, Simon and Structure
_c1988
300 _a367p
942 _cTB
_hX:742N90 M8
999 _c1291823
_d1291823